| 000 | 00629nam a22002057a 4500 | ||
|---|---|---|---|
| 999 |
_c7158 _d7158 |
||
| 003 | OSt | ||
| 005 | 20201125113723.0 | ||
| 008 | 201125b ||||| |||| 00| 0 eng d | ||
| 020 | _a1-471-96362-3 | ||
| 040 |
_aDDC _bEnglish _cDDC _dTSSD |
||
| 082 | _a614.4323 OLF | ||
| 245 |
_aOlfaction in mosquito-host interactions/ _c(edited by) Bock R. gregory, Gail Cardew |
||
| 260 |
_aChchester: _bJohn Wiley & sons, _cc1996 |
||
| 300 |
_ax,331p. : _bills.; _c19cm |
||
| 504 | _aInclude bibliographical references and indexes | ||
| 650 | _vMosquito control | ||
| 700 | _q Gregory, Bock R. | ||
| 720 | _aCardew, Gail | ||
| 942 |
_2ddc _cBOOK |
||